000 00482nam a2200181Ia 4500
005 20250508153247.0
008 008 250505s9999 xx 000 0 eng d
037 _aTextual
040 _aFEDL
_beng
_cFEDL
041 _aeng
_2eng
084 _a741, PLU
_qFEDL
100 _aPluckrose H
_9496309
245 0 _aPicture making with juniors
260 _aLondon, UK
_bOldbourne Press
_c1963
300 _a144p.
942 _cTEXL
_h741, PLU
999 _c1341586
_d1341586